Riesgos macrosociales de farmacodependencia a nivel cantonal en la República de Costa Rica /
Guardado en:
| Autor principal: | |
|---|---|
| Autores Corporativos: | , |
| Otros Autores: | |
| Formato: | Texto |
| Publicado: |
San José:
PNUFID
|
| Etiquetas: |
Agregar Etiqueta
Sin Etiquetas, Sea el primero en etiquetar este registro!
|
MARC
| LEADER | 00000 a a2200000 04500 | ||
|---|---|---|---|
| 001 | 30441 | ||
| 003 | |||
| 040 | |||
| 020 | |a 970-9074-05-9 | ||
| 090 | |a 194700 | ||
| 100 | |a Salinas Hurtado, Eduardo | ||
| 110 | |a Centro Nacional de Prevención contra Drogas | ||
| 245 | |a Riesgos macrosociales de farmacodependencia a nivel cantonal en la República de Costa Rica / |c Centro Nacional de Prevención contra Drogas | ||
| 260 | |a San José: |b PNUFID | ||
| 300 | |a 139 p. | ||
| 700 | |a Ugalde Montero, Federico | ||
| 710 | |a CENADRO |a Programa de Naciones Unidas para la Fiscalización Internacional de Drogas |a PNUFID |a Centros de Integración Juvenil, A. C. |a CIJ | ||
| 999 | |c 492 |d 492 | ||



